Discriminative feature representation for Malay children's speech recognition /
Saved in:
| Main Author: | |
|---|---|
| Format: | Thesis Book |
| Language: | English |
| Published: |
2015.
|
| Subjects: | |
| Online Access: | http://studentsrepo.um.edu.my/id/eprint/5897 |
| Tags: |
Add Tag
No Tags, Be the first to tag this record!
|
| LEADER | 01496cam a2200373 i 4500 | ||
|---|---|---|---|
| 001 | u1020764 | ||
| 003 | SIRSI | ||
| 005 | 201509031055 | ||
| 008 | 150903s2015 my a m 000 0 eng | ||
| 040 | |a UMM |d UMJ |d AUM |e rda | ||
| 043 | |a a-my--- | ||
| 090 | |a R856.4 |b UMP 2015 Mir | ||
| 097 | |a R856.4 |b UMP 2015 Mir | ||
| 100 | 1 | |a Mirhassani, Seyedmostafa, |e author. | |
| 245 | 1 | 0 | |a Discriminative feature representation for Malay children's speech recognition / |c Seyedmostafa Mirhassani. |
| 264 | 1 | |c 2015. | |
| 264 | 4 | |c 2015. | |
| 300 | |a xx, 210 leaves : |b illustrations ; |c 30 cm. | ||
| 336 | |a text |2 rdacontent | ||
| 337 | |a unmediated |2 rdamedia | ||
| 338 | |a volume |2 rdacarrier | ||
| 502 | |b Ph.D. |c Jabatan Kejuruteraan Bioperubatan, Fakulti Kejuruteraan, Universiti Malaya |d 2015. | ||
| 504 | |a Bibliography: leaves 163-181. | ||
| 530 | |a Issued also in CD. | ||
| 650 | 0 | |a Speech processing systems. | |
| 650 | 0 | |a Automatic speech recognition. | |
| 650 | 0 | |a Children |x Social aspects. | |
| 650 | 0 | |a Malays (Asian people) |z Malaysia |x Social conditions. | |
| 710 | 2 | |a Universiti Malaya. |b Fakulti Kejuruteraan, |e degree granting institution. | |
| 856 | 4 | 1 | |u http://studentsrepo.um.edu.my/id/eprint/5897 |
| 900 | |a NSR NSM AMA | ||
| 596 | |a 7 25 | ||
| 999 | |a R856.4 UMP 2016 MIR |w LC |c 1 |i A516219013 |d 4/4/2017 |f 4/4/2017 |g 1 |l STACKS |m P07JURUTER |r Y |s Y |t TESIS |u 8/9/2016 |1 AHSS | ||
| 999 | |a R856.4 UMP 2016 MIR |w LC |c 1 |i A516816135 |d 6/8/2018 |f 6/8/2018 |g 1 |l STACKS |m P25UMARCHI |r Y |s Y |t CD |u 21/9/2017 |1 STEM | ||
